<?xml version="1.0" encoding="UTF-8"?><?xml-stylesheet type="text/xsl" href="static/style.xsl"?><OAI-PMH xmlns="http://www.openarchives.org/OAI/2.0/" xmlns:xsi="http://www.w3.org/2001/XMLSchema-instance" xsi:schemaLocation="http://www.openarchives.org/OAI/2.0/ http://www.openarchives.org/OAI/2.0/OAI-PMH.xsd"><responseDate>2026-06-01T10:33:52Z</responseDate><request verb="GetRecord" identifier="oai:riuma.uma.es:10630/46025" metadataPrefix="marc">https://riuma.uma.es/rest/oai/request</request><GetRecord><record><header><identifier>oai:riuma.uma.es:10630/46025</identifier><datestamp>2026-03-13T00:46:40Z</datestamp><setSpec>com_10630_27</setSpec><setSpec>com_10630_3139</setSpec><setSpec>com_10630_10</setSpec><setSpec>col_10630_39351</setSpec></header><metadata><record xmlns="http://www.loc.gov/MARC21/slim" xmlns:dcterms="http://purl.org/dc/terms/" xmlns:doc="http://www.lyncode.com/xoai" xmlns:xsi="http://www.w3.org/2001/XMLSchema-instance" xsi:schemaLocation="http://www.loc.gov/MARC21/slim http://www.loc.gov/standards/marcxml/schema/MARC21slim.xsd">
   <leader>00925njm 22002777a 4500</leader>
   <datafield ind2=" " ind1=" " tag="042">
      <subfield code="a">dc</subfield>
   </datafield>
   <datafield ind2=" " ind1=" " tag="720">
      <subfield code="a">Tanji, Abbes</subfield>
      <subfield code="e">author</subfield>
   </datafield>
   <datafield ind2=" " ind1=" " tag="720">
      <subfield code="a">Khamar, Hamid</subfield>
      <subfield code="e">author</subfield>
   </datafield>
   <datafield ind2=" " ind1=" " tag="260">
      <subfield code="c">2025-09-30</subfield>
   </datafield>
   <datafield ind2=" " ind1=" " tag="520">
      <subfield code="a">This contribution deals with the record of four alien naturalized plants in Morocco due to field surveys conducted in 2023 and 2024, with special emphasis on weeds occurring in farmlands (agricultural regions of Chaouia, Gharb, Haouz, Loukkos, Sous, and Tadla). Among these reported plants, three are here presented  as  new  national  distributional  records  namely, Euphorbia  heterophylla L.,  E.  nutans Lag. (Euphorbiaceae) and Malvastrum coromandelianum (L.) Garcke subsp. coromandelianum (Malvaceae) whereas Cardiospermum microcarpum (Kunth) Blume (Sapindaceae) is here reported for the first time in the country. Photographic evidence, distribution map, and taxonomic notes are provided for each taxon. In addition, voucher herbarium specimens were prepared and deposited at the national herbarium of the Scientific Institute in Rabat  (RAB)</subfield>
   </datafield>
   <datafield ind2=" " ind1=" " tag="520">
      <subfield code="a">Esta contribución trata del registro de cuatro plantas exóticas naturalizadas en Marruecos gracias a estudios de campo realizados en 2023 y 2024, con especial énfasis en las malezas presentes en las tierras de cultivo (regiones agrícolas de Chaouia, Gharb, Haouz, Loukkos, Sous y Tadla). Tres especies se reportan como nuevos registros de distribución nacional: Euphorbia heterophylla L., E. nutans Lag. (Euphorbiaceae) y Malvastrum coromandelianum (L.) Garcke subsp. coromandelianum (Malvaceae); en tanto que Cardiospermum microcarpum (Kunth) Blume (Sapindaceae) se registra por primera vez para el país. Se proporcionan evidencias fotográficas, mapas de distribución y notas taxonómicas para cada taxón. Además, se prepararon ejemplares de herbario de referencia, que se depositaron en el herbario nacional (RAB) del Instituto Científico de Rabat.</subfield>
   </datafield>
   <datafield ind1="8" ind2=" " tag="024">
      <subfield code="a">Tanji, A., &amp; Khamar, H. (2025). Notes on four naturalized weeds in Morocco: extended distribution and new record. Acta Botanica Malacitana, 50, 21796. https://doi.org/10.24310/abm.50.2025.21796</subfield>
   </datafield>
   <datafield ind1="8" ind2=" " tag="024">
      <subfield code="a">https://hdl.handle.net/10630/46025</subfield>
   </datafield>
   <datafield ind1="8" ind2=" " tag="024">
      <subfield code="a">10.24310/abm.50.2025.21796</subfield>
   </datafield>
   <datafield tag="653" ind2=" " ind1=" ">
      <subfield code="a">Plantas exóticas - Marruecos</subfield>
   </datafield>
   <datafield tag="653" ind2=" " ind1=" ">
      <subfield code="a">Fitogeografía</subfield>
   </datafield>
   <datafield tag="653" ind2=" " ind1=" ">
      <subfield code="a">Plantas - Clasificación</subfield>
   </datafield>
   <datafield ind2="0" ind1="0" tag="245">
      <subfield code="a">Notes on four naturalized weeds in Morocco: extended distribution and new record</subfield>
   </datafield>
</record>
</metadata></record></GetRecord></OAI-PMH>